| 000 | 00533nam a2200181 a 4500 | ||
|---|---|---|---|
| 001 | 3139 | ||
| 005 | 20140414131912.0 | ||
| 008 | 060201s19uu xx 00 eng d | ||
| 020 | _a0-439-66658-9 | ||
| 050 |
_aER _bD65 2004 |
||
| 100 | _aInches, Alison | ||
| 245 |
_aDora the explorer : _bI love my papi! / _cby Alison Inches ; illustrated by Dave Aikins. |
||
| 260 |
_aNew York : _bScholastic, _c2004. |
||
| 300 | _a1 v. p. : ill. ; cm. | ||
| 440 | _aNick Jr. | ||
| 650 |
_aAdventures and adventurers _xFiction. |
||
| 999 |
_c111284 _d111284 |
||